Georgia, The State or The Country? - Statistics

General Stats
  • This quiz has been taken 40 times
  • The average score is 7 of 12
Answer Stats
Question Answer % Correct
The capital starts with the letter T. Georgia (Country)
89%
Has a higher population. Georgia (State)
84%
Is older. Georgia (Country)
81%
Has the larger land area. Georgia (State)
78%
Their name originates from the Russian word ‘Gruzia’. Georgia (Country)
76%
Has the colour blue on their flag. Georgia (State)
65%
They were named after King George ll. Georgia (State)
65%
Has a higher Christianity adhering population. Georgia (Country)
62%
Has more coastline Georgia (Country)
35%
Used to be a former Spanish nation/state. Neither
30%
One of the main exports is nuts. Both
8%
Borders the Atlantic Ocean. Both
8%
No matching quizzes found
Score Distribution
Percent of People with Each Score
Percentile by Number Answered
Your Score History
You have not taken this quiz